Statistiques concernant Anagrammes - Vocabulaire - Série 16

Cliquez ici pour prendre le quiz!

Statistiques générales

  • Ce quiz a été pris 61 fois
  • Le résultat moyen est 7 sur 14

Statistiques - réponses

IndiceAnagrammeMot% Correct
mesuresREASares
92%
charmeTRAITATattrait
75%
instrumentGELERregle
73%
justiceDINEdeni
67%
équipementTOUILLAGEoutillage
63%
région d'ItalieCHARMESmarches
55%
usTHIBAUDEhabitude
53%
abattuRETATERatterre
51%
instrumentTIRASsitar
47%
troupeauBELAITbetail
45%
frôlantECRASANTScaressant
39%
pigmentMALIENNEmelanine
29%
confiancesINTERESSEserenites
12%
lacustreTOISEESisoetes
4%

Distribution des résultats

Percentile par nombre de réponses

% des personnes avec chaque résultat

Votre développement - résultats

Vous n’avez pas pris ce quiz